00308 2200121 4500245007500000250001100075100002400086650001600110005001900126260001800145041001400163336000900177 aLAPORAN KARYA SISWAb : GALAKSI BIMA SAKTIcSINTIA PURNAMA SARIhText aCet. 1 aSINTIA PURNAMA SARI aKarya Siswa a20240903104314 aJakartac2024 aIndonesia atext